| 000 | 00791nam a22002291i 4500 | ||
|---|---|---|---|
| 001 | 183224 | ||
| 003 | ES-MaACL | ||
| 005 | 20250801201907.0 | ||
| 008 | 140130s1972 sp |||| | spa d | ||
| 080 | _a23"19"(04) | ||
| 100 | 1 |
_aCox, Harvey. _941393 |
|
| 245 | 1 | 4 |
_aLas fiestas de locos _b: Ensayo teológico sobre el talante festivo y la fantasía / _cHarvey Cox ; versión española de Rafael Durbán Sánchez. |
| 260 |
_a[Madrid] : _bTaurus, _c[1972] |
||
| 300 |
_a220 p., 1 h. ; _c21 cm. |
||
| 490 | 1 |
_aEnsayistas ; _vv. 82 |
|
| 650 | 0 | 7 |
_aTeología _2embne _917457 |
| 700 | 1 | 1 |
_aDurbán Sánchez, Rafael. _946283 |
| 830 | 0 |
_aEnsayistas ; _vv. 82 _9177257 |
|
| 852 |
_aES-MaACL _jL-30062 _z.- Donat. Miguel A. Velasco |
||
| 852 |
_aES-MaACL _jC-42393 |
||
| 999 |
_c183224 _d183224 |
||